00583nam a2200157 a 450000500170000000800410001702000180005805000230007610000210009924500770012026000480019730000220024552001210026765000210038865000160040920140412111305.0010427s19uu xx 00 eng d a0-440-40964-0 aTR(PS EbPr93 1992 aStevenson, Sucie aPrincess and the pea (The) /cretold and illustrated by Sucie Stevenson. aNew York :bA Picture Yearling Book,c1992. a1v. (unp.) ; ill. aOnce upon a time there was a prince who wanted a princess. But he wanted to make sure that she was a real princess. aPrincess-Stories aFairy Tales